[Event "Winnipeg TNT June op"]
[Site "Winnipeg CAN"]
[Date "2011.06.14"]
[Round "2"]
[White "Gregoryanz, Philipp"]
[Black "Reimer, Bruce"]
[Result "1-0"]
[WhiteElo "1327"]
[BlackElo "1672"]
[PlyCount "115"]
[GameId "2160767909704230"]
[EventDate "2011.06.07"]
[EventType "swiss"]
[EventRounds "4"]
[EventCountry "CAN"]
[SourceTitle "EXT 2022"]
[Source "ChessBase"]
[SourceDate "2021.10.06"]
[SourceVersion "1"]
[SourceVersionDate "2021.10.06"]
[SourceQuality "1"]

1. e4 Nf6 2. e5 Nd5 3. d4 d6 4. Nf3 Bg4 5. h3 Bh5 6. Be2 e6 7. Bd2 Be7 8. Nc3 Nxc3 9. Bxc3 O-O 10. O-O Nd7 11. Re1 d5 12. b3 c5 13. Nd2 cxd4 14. Bxd4 Bg6 15. c4 Nb6 16. c5 Nd7 17. b4 Qc7 18. Bf3 b6 19. Rc1 bxc5 20. bxc5 Bxc5 21. Bxc5 Nxc5 22. Nb3 Qe7 23. Nxc5 Rfc8 24. Nb3 Qa3 25. Rxc8+ Rxc8 26. Qd2 Rc2 27. Rc1 Rxc1+ 28. Qxc1 Qf8 29. Nd4 Bd3 30. Qc3 Bc4 31. a4 a6 32. Be2 Bxe2 33. Nxe2 h6 34. a5 Qd8 35. Nd4 Qb8 36. Nc6 Qb1+ 37. Kh2 Qb7 38. Qc5 Kh7 39. Qb6 Qa8 40. Nb8 d4 41. Nxa6 d3 42. Nc7 Qe4 43. Qe3 Qxe3 44. fxe3 d2 45. a6 d1=Q 46. a7 Qd7 47. a8=Q Qxc7 48. Qe4+ g6 49. Qf4 f5 50. h4 Qe7 51. g3 g5 52. hxg5 Qxg5 53. Qf3 Kg6 54. Kg2 h5 55. Kf2 Qg4 56. Qc6 f4 57. exf4 Kf5 58. Qc2# 1-0

[Event "Winnipeg TNT June op"]
[Site "Winnipeg CAN"]
[Date "2011.06.14"]
[Round "2"]
[White "Iomdina, Alexander"]
[Black "Evans, Brian"]
[Result "0-1"]
[WhiteElo "1408"]
[BlackElo "1553"]
[PlyCount "120"]
[GameId "2160767909704231"]
[EventDate "2011.06.07"]
[EventType "swiss"]
[EventRounds "4"]
[EventCountry "CAN"]
[SourceTitle "EXT 2022"]
[Source "ChessBase"]
[SourceDate "2021.10.06"]
[SourceVersion "1"]
[SourceVersionDate "2021.10.06"]
[SourceQuality "1"]

1. d4 Nf6 2. c4 g6 3. Nc3 Bg7 4. Bg5 d6 5. e4 O-O 6. Bd3 Nc6 7. Nge2 e5 8. d5 Nb4 9. a3 Nxd3+ 10. Qxd3 Qd7 11. h4 a6 12. f3 h6 13. Be3 h5 14. O-O-O b6 15. Rdg1 c5 16. Bg5 Nh7 17. g4 Nxg5 18. hxg5 hxg4 19. Rxg4 Qe7 20. Rgh4 Qxg5+ 21. Kb1 f5 22. Ng1 fxe4 23. fxe4 Qg2 24. Nge2 Rf1+ 25. Rxf1 Qxf1+ 26. Ka2 g5 27. Rh2 Bg4 28. Qe3 Qf6 29. Ng3 Qf4 30. Qg1 Rf8 31. Nce2 Bxe2 32. Nxe2 Qxe4 33. Qxg5 Qxc4+ 34. Kb1 Rf1+ 35. Nc1 Qe4+ 36. Ka1 Qf4 37. Qd8+ Qf8 38. Qg5 Qf6 39. Qxf6 Bxf6 40. Kb1 Bg5 41. Rg2 Rxc1+ 42. Ka2 Rd1 43. Rxg5+ Kf7 44. Rh5 Rxd5 45. Rh7+ Kg6 46. Rb7 b5 47. Rb6 e4 48. Rxa6 e3 49. Ra7 Kf6 50. Ra8 e2 51. Re8 Re5 52. Rb8 e1=Q 53. Rxb5 c4 54. a4 Rxb5 55. axb5 Qa5+ 56. Kb1 Qxb5 57. Kc1 Qb3 58. Kb1 c3 59. Kc1 Qxb2+ 60. Kd1 Qd2# 0-1

[Event "Winnipeg TNT June op"]
[Site "Winnipeg CAN"]
[Date "2011.06.14"]
[Round "2"]
[White "Kaptsan, Aron"]
[Black "Li, Kevin"]
[Result "1/2-1/2"]
[WhiteElo "2010"]
[BlackElo "2187"]
[PlyCount "72"]
[GameId "2160767909704232"]
[EventDate "2011.06.07"]
[EventType "swiss"]
[EventRounds "4"]
[EventCountry "CAN"]
[SourceTitle "EXT 2022"]
[Source "ChessBase"]
[SourceDate "2021.10.06"]
[SourceVersion "1"]
[SourceVersionDate "2021.10.06"]
[SourceQuality "1"]

1. d4 Nf6 2. c4 c5 3. d5 b5 4. cxb5 a6 5. bxa6 Bxa6 6. b3 d6 7. Bb2 Nbd7 8. g3 g6 9. Bg2 Bg7 10. Nh3 O-O 11. O-O Qc7 12. Re1 Rab8 13. Bc3 Bb7 14. Qd2 Rfc8 15. Na3 Nb6 16. e4 Ra8 17. Nc4 Nxc4 18. bxc4 Ra4 19. Bf1 Rca8 20. e5 dxe5 21. Bxe5 Qd7 22. Nf4 e6 23. Qc3 exd5 24. cxd5 Nxd5 25. Rad1 Bxe5 26. Qxe5 Rd8 27. Bg2 Rd4 28. Rxd4 cxd4 29. Qxd4 Nxf4 30. Qxd7 Rxd7 31. gxf4 Bxg2 32. Kxg2 Ra7 33. Re2 Ra3 34. f3 Kg7 35. Kg3 Kf6 36. h4 h5 1/2-1/2

[Event "Winnipeg TNT June op"]
[Site "Winnipeg CAN"]
[Date "2011.06.14"]
[Round "2"]
[White "Melamedoff, Gustavo"]
[Black "Joven, Perfecto"]
[Result "1/2-1/2"]
[WhiteElo "2060"]
[BlackElo "1995"]
[PlyCount "101"]
[GameId "2160767909704233"]
[EventDate "2011.06.07"]
[EventType "swiss"]
[EventRounds "4"]
[EventCountry "CAN"]
[SourceTitle "EXT 2022"]
[Source "ChessBase"]
[SourceDate "2021.10.06"]
[SourceVersion "1"]
[SourceVersionDate "2021.10.06"]
[SourceQuality "1"]

1. e4 d6 2. d4 Nf6 3. Nc3 g6 4. Nf3 Bg7 5. Be2 c5 6. dxc5 Qa5 7. O-O Qxc5 8. Be3 Qa5 9. Nd4 O-O 10. Nb3 Qd8 11. f4 Nc6 12. Bf3 Bd7 13. Qe2 Qc8 14. h3 a6 15. Na4 Nd4 16. Nxd4 Bxa4 17. b3 Bd7 18. c4 Rb8 19. Rac1 Qd8 20. Rfd1 Qa5 21. a4 Ne8 22. Qf2 b5 23. axb5 axb5 24. c5 dxc5 25. Rxc5 Nd6 26. e5 Nf5 27. Nxf5 Bxf5 28. g4 Be6 29. Bd5 Rfd8 30. Bd2 Qb6 31. Be3 Qa5 32. Qe2 Bxd5 33. Rcxd5 Rxd5 34. Rxd5 Qb4 35. Qd1 Bf8 36. f5 Ra8 37. fxg6 hxg6 38. e6 f6 39. Qb1 Kg7 40. g5 f5 41. Rd4 Qc3 42. Rd3 Qc6 43. Qb2+ Kg8 44. Qe5 Bg7 45. Qd5 Ra1+ 46. Kg2 Ra2+ 47. Kf3 Ra6 48. Qxc6 Rxc6 49. Rd8+ Kh7 50. Rd7 Rxe6 51. Rb7 1/2-1/2

[Event "Winnipeg TNT June op"]
[Site "Winnipeg CAN"]
[Date "2011.06.14"]
[Round "2"]
[White "Milward, David"]
[Black "Babb, Jeff"]
[Result "0-1"]
[WhiteElo "1682"]
[BlackElo "2204"]
[PlyCount "96"]
[GameId "2160767909704234"]
[EventDate "2011.06.07"]
[EventType "swiss"]
[EventRounds "4"]
[EventCountry "CAN"]

1. e4 d6 2. d4 Nf6 3. Nc3 g6 4. f3 c6 5. Be3 Nbd7 6. Qd2 b5 7. a3 Bb7 8. Bd3 e5 9. Nge2 a6 10. O-O exd4 11. Nxd4 c5 12. Ndxb5 axb5 13. Bxb5 Ba6 14. Bf4 Qb6 15. a4 O-O-O 16. a5 Qb7 17. Bxa6 Qxa6 18. Nd5 Nxd5 19. Qxd5 Bg7 20. c3 Ne5 21. Bxe5 Bxe5 22. Rab1 Rd7 23. b4 Qb7 24. Qc4 Rc7 25. bxc5 Rxc5 26. Qa2 Qa7 27. Kh1 Rd8 28. a6 Rd7 29. Qa4 Kd8 30. f4 Bxc3 31. f5 Ba5 32. fxg6 hxg6 33. Qd4 Bc3 34. Qe3 Be5 35. Qh6 Ke8 36. Qh7 Kf8 37. Qxg6 Qxa6 38. Qf5 Qc8 39. h4 Re7 40. Qh7 Rb7 41. Rbd1 Rc3 42. Qh6+ Ke8 43. Qh7 Rh3+ 44. Kg1 Qc5+ 45. Rf2 Rh1+ 46. Kxh1 Qxf2 47. Qg8+ Ke7 48. Qg5+ Bf6 0-1

[Event "Winnipeg TNT June op"]
[Site "Winnipeg CAN"]
[Date "2011.06.14"]
[Round "2"]
[White "Schulz, Waldemar"]
[Black "Pottinger, Carl"]
[Result "1-0"]
[WhiteElo "2018"]
[BlackElo "1893"]
[PlyCount "99"]
[GameId "2160767909704235"]
[EventDate "2011.06.07"]
[EventType "swiss"]
[EventRounds "4"]
[EventCountry "CAN"]
[SourceTitle "EXT 2022"]
[Source "ChessBase"]
[SourceDate "2021.10.06"]
[SourceVersion "1"]
[SourceVersionDate "2021.10.06"]
[SourceQuality "1"]

1. d4 Nf6 2. Nf3 c5 3. c4 cxd4 4. Nxd4 g6 5. g3 Bg7 6. Bg2 O-O 7. O-O Nc6 8. Nc3 Nxd4 9. Qxd4 d6 10. Rd1 Ng4 11. Qf4 Bh6 12. Qe4 Qb6 13. e3 Re8 14. Nd5 Qd8 15. Qc2 Be6 16. b3 Rc8 17. Qe2 Ne5 18. Bb2 Bg7 19. Nf4 Bg4 20. f3 Bd7 21. Qd2 Bc6 22. e4 b6 23. Nd5 Bxd5 24. exd5 f5 25. Re1 Qc7 26. Bd4 Qd7 27. Qc3 Bf6 28. Rad1 Qc7 29. Qe3 Qb7 30. Re2 Rc7 31. Rde1 Qc8 32. Kf2 Kg7 33. Bh3 Qb7 34. f4 Nd7 35. g4 fxg4 36. Bxg4 Bxd4 37. Qxd4+ Nf6 38. Re6 Kf7 39. f5 Nxg4+ 40. Qxg4 Rg8 41. Rg1 Qa6 42. fxg6+ hxg6 43. Qf3+ Ke8 44. Qe2 Qa3 45. Rgxg6 Qc5+ 46. Kg2 Rxg6+ 47. Rxg6 Rc8 48. Qe6 Kd8 49. Rg8+ Kc7 50. Qxc8# 1-0

[Event "Winnipeg TNT June op"]
[Site "Winnipeg CAN"]
[Date "2011.06.21"]
[Round "3"]
[White "Babb, Jeff"]
[Black "Mundwiler, Les"]
[Result "1/2-1/2"]
[WhiteElo "2204"]
[BlackElo "2049"]
[PlyCount "114"]
[GameId "2160767909704236"]
[EventDate "2011.06.07"]
[EventType "swiss"]
[EventRounds "4"]
[EventCountry "CAN"]
[SourceTitle "EXT 2022"]
[Source "ChessBase"]
[SourceDate "2021.10.06"]
[SourceVersion "1"]
[SourceVersionDate "2021.10.06"]
[SourceQuality "1"]

1. f4 g6 2. Nf3 d5 3. g3 Bg7 4. Bg2 c6 5. c3 Nf6 6. d3 Nbd7 7. Na3 a5 8. O-O O-O 9. Qe1 Nc5 10. Be3 Ne6 11. h3 Nh5 12. Nc2 c5 13. Ng5 d4 14. Nxe6 Bxe6 15. cxd4 cxd4 16. Bd2 Bd5 17. Qf2 Bxg2 18. Qxg2 e5 19. f5 Qd7 20. g4 Nf4 21. Bxf4 exf4 22. a4 g5 23. Rfb1 Rfe8 24. b4 Rac8 25. Ra2 axb4 26. Rxb4 Rc7 27. Rb1 Qc8 28. Rbb2 Rc6 29. Kf1 Qd7 30. Ke1 Qc7 31. Kf1 Rb6 32. a5 Rxb2 33. Rxb2 Qc3 34. Qxb7 f3 35. Ne1 Qc1 36. Rc2 fxe2+ 37. Rxe2 Qf4+ 38. Qf3 Rxe2 39. Kxe2 Qe5+ 40. Qe4 Qxa5 41. Qe8+ Bf8 42. Nf3 Qa2+ 43. Nd2 Qd5 44. Ne4 Qa2+ 45. Kf3 Qc2 46. Nf6+ Kg7 47. Nh5+ Kg8 48. Qe2 Qc1 49. Nf6+ Kh8 50. Qe5 h6 51. Qxd4 Qf1+ 52. Kg3 Qe1+ 53. Kh2 Qe2+ 54. Kg3 Qe1+ 55. Kf3 Qf1+ 56. Kg3 Qe1+ 57. Kg2 Qe2+ 1/2-1/2

[Event "Winnipeg TNT June op"]
[Site "Winnipeg CAN"]
[Date "2011.06.21"]
[Round "3"]
[White "Campbell, Gary"]
[Black "Wolchock, Joe"]
[Result "1-0"]
[WhiteElo "1731"]
[BlackElo "1323"]
[PlyCount "61"]
[GameId "2160767909704237"]
[EventDate "2011.06.07"]
[EventType "swiss"]
[EventRounds "4"]
[EventCountry "CAN"]
[SourceTitle "EXT 2022"]
[Source "ChessBase"]
[SourceDate "2021.10.06"]
[SourceVersion "1"]
[SourceVersionDate "2021.10.06"]
[SourceQuality "1"]

1. d4 d5 2. c4 e6 3. Nc3 Nf6 4. cxd5 exd5 5. Bg5 Bb4 6. e3 O-O 7. Bd3 Bg4 8. Bxf6 Be7 9. Bxe7 Qxe7 10. Qxg4 Nc6 11. Nf3 Nb4 12. Rd1 Nxd3+ 13. Rxd3 Qb4 14. Rd2 Rae8 15. O-O Re6 16. Nxd5 Qd6 17. Nf4 Re7 18. Rc2 c6 19. Nh4 Re4 20. Nf5 Qg6 21. Ne7+ Rxe7 22. Nxg6 fxg6 23. Qg5 Rc7 24. g3 Rf5 25. Qd8+ Kf7 26. Qxc7+ Ke8 27. Qxb7 Rf7 28. Qxc6+ Rd7 29. d5 g5 30. d6 Kd8 31. Qa8# 1-0

[Event "Winnipeg TNT June op"]
[Site "Winnipeg CAN"]
[Date "2011.06.21"]
[Round "3"]
[White "Czypinski, Jaroslaw"]
[Black "Schulz, Waldemar"]
[Result "0-1"]
[WhiteElo "1927"]
[BlackElo "2018"]
[PlyCount "76"]
[GameId "2160767909704238"]
[EventDate "2011.06.07"]
[EventType "swiss"]
[EventRounds "4"]
[EventCountry "CAN"]
[SourceTitle "EXT 2022"]
[Source "ChessBase"]
[SourceDate "2021.10.06"]
[SourceVersion "1"]
[SourceVersionDate "2021.10.06"]
[SourceQuality "1"]

1. d4 d5 2. Nf3 Nf6 3. Bf4 Bf5 4. e3 c6 5. Bd3 Qa5+ 6. b4 Qxb4+ 7. c3 Qb2 8. Bxf5 Qxa1 9. Qb3 e6 10. O-O exf5 11. Qxb7 Be7 12. Qxa8 O-O 13. Bxb8 Bd6 14. Qxc6 Bxb8 15. Qa4 Qb2 16. Qb3 Qe2 17. Nbd2 Ne4 18. Nxe4 dxe4 19. Re1 Bxh2+ 20. Kxh2 Qxf2 21. Qc4 exf3 22. Qf1 Qd2 23. Rd1 fxg2 24. Qg1 Qxc3 25. d5 Rd8 26. Kxg2 Qc2+ 27. Kh1 Qe4+ 28. Kh2 Qc2+ 29. Kh1 Qxa2 30. Qg5 Rd6 31. Qe7 Rh6+ 32. Kg1 Qh2+ 33. Kf1 Qh1+ 34. Ke2 Rh2+ 35. Kd3 Qxd1+ 36. Kc4 Rc2+ 37. Kb5 Qb1+ 38. Qb4 Rb2 0-1

[Event "Winnipeg TNT June op"]
[Site "Winnipeg CAN"]
[Date "2011.06.21"]
[Round "3"]
[White "Evans, Brian"]
[Black "Pang, Michael"]
[Result "0-1"]
[WhiteElo "1553"]
[BlackElo "1784"]
[PlyCount "51"]
[GameId "2160767909704239"]
[EventDate "2011.06.07"]
[EventType "swiss"]
[EventRounds "4"]
[EventCountry "CAN"]
[SourceTitle "EXT 2022"]
[Source "ChessBase"]
[SourceDate "2021.10.06"]
[SourceVersion "1"]
[SourceVersionDate "2021.10.06"]
[SourceQuality "1"]

1. d4 Nf6 2. c4 g6 3. Nc3 d5 4. Qb3 e6 5. Bg5 c6 6. e4 dxe4 7. Nxe4 Be7 8. Nxf6+ Bxf6 9. Bxf6 Qxf6 10. Nf3 Nd7 11. Be2 O-O 12. O-O b6 13. d5 Nc5 14. Qc3 Qxc3 15. bxc3 cxd5 16. cxd5 exd5 17. Rad1 Ne4 18. Rc1 Re8 19. Bb5 Re7 20. Bc6 Bb7 21. Bxb7 Rxb7 22. Rfd1 Rc7 23. Rxd5 Nxc3 24. Rd2 Ne2+ 25. Rxe2 Rxc1+ 26. Re1 0-1

[Event "Winnipeg TNT June op"]
[Site "Winnipeg CAN"]
[Date "2011.06.21"]
[Round "3"]
[White "Kernetsky, Myron"]
[Black "Kaptsan, Aron"]
[Result "1-0"]
[WhiteElo "2016"]
[BlackElo "2010"]
[PlyCount "85"]
[GameId "2160767909704240"]
[EventDate "2011.06.07"]
[EventType "swiss"]
[EventRounds "4"]
[EventCountry "CAN"]
[SourceTitle "EXT 2022"]
[Source "ChessBase"]
[SourceDate "2021.10.06"]
[SourceVersion "1"]
[SourceVersionDate "2021.10.06"]
[SourceQuality "1"]

1. d4 Nf6 2. Nf3 g6 3. Nc3 Bg7 4. e4 d6 5. Be3 O-O 6. Qd2 Re8 7. h3 Nfd7 8. Bc4 c5 9. dxc5 Nxc5 10. Ng5 Ne6 11. Nxe6 Bxe6 12. Bxe6 fxe6 13. Bd4 e5 14. Be3 Nc6 15. h4 Nd4 16. h5 e6 17. hxg6 hxg6 18. Bh6 Qe7 19. O-O-O Rac8 20. Rh3 b5 21. a3 a5 22. b4 axb4 23. axb4 Qa7 24. Qg5 Rxc3 25. Rxc3 Ne2+ 26. Kb2 Ra8 27. Rc8+ Rxc8 28. Qxg6 Qf7 29. Qg4 Nd4 30. c3 Nc6 31. Bxg7 Qxf2+ 32. Kb1 Kf7 33. Bh6 Rg8 34. Qh5+ Rg6 35. Rxd6 Qf1+ 36. Kb2 Qxg2+ 37. Rd2 Qxe4 38. Bg5 Qf5 39. Qh7+ Kf8 40. Bh6+ Rxh6 41. Qxh6+ Kf7 42. Rg2 Ke7 43. Rg7+ 1-0

[Event "Winnipeg TNT June op"]
[Site "Winnipeg CAN"]
[Date "2011.06.21"]
[Round "3"]
[White "Leaden, Bruce"]
[Black "Milward, David"]
[Result "0-1"]
[WhiteElo "1380"]
[BlackElo "1682"]
[PlyCount "50"]
[GameId "2160767909704241"]
[EventDate "2011.06.07"]
[EventType "swiss"]
[EventRounds "4"]
[EventCountry "CAN"]

1. d4 Nf6 2. Nf3 g6 3. Bf4 Bg7 4. e3 O-O 5. Nbd2 d6 6. Be2 b6 7. h3 Bb7 8. O-O Nbd7 9. Rb1 c5 10. c3 Rc8 11. Bd3 Re8 12. Qe2 e5 13. dxe5 dxe5 14. Nxe5 Nxe5 15. Ba6 Bxa6 16. Qxa6 Qxd2 17. Bxe5 Qd5 18. Bxf6 Bxf6 19. Rbd1 Qe6 20. Qe2 Rcd8 21. Rd2 Rxd2 22. Qxd2 Rd8 23. Qc2 Qd5 24. c4 Qd2 25. Qxd2 Rxd2 0-1

[Event "Winnipeg TNT June op"]
[Site "Winnipeg CAN"]
[Date "2011.06.21"]
[Round "3"]
[White "Li, Kevin"]
[Black "Joven, Perfecto"]
[Result "1-0"]
[WhiteElo "2187"]
[BlackElo "1995"]
[PlyCount "69"]
[GameId "2160767909704242"]
[EventDate "2011.06.07"]
[EventType "swiss"]
[EventRounds "4"]
[EventCountry "CAN"]
[SourceTitle "EXT 2022"]
[Source "ChessBase"]
[SourceDate "2021.10.06"]
[SourceVersion "1"]
[SourceVersionDate "2021.10.06"]
[SourceQuality "1"]

1. e4 d6 2. d4 Nf6 3. Nc3 g6 4. Nf3 Bg7 5. h3 c5 6. dxc5 Qa5 7. Bd3 Qxc5 8. Be3 Qa5 9. Qd2 Nc6 10. O-O O-O 11. a3 Bd7 12. Rab1 Rac8 13. b4 Qc7 14. Nd5 Nxd5 15. exd5 Ne5 16. Nxe5 Bxe5 17. c4 b6 18. Rfc1 Qb7 19. f4 Bg7 20. Qa2 e6 21. Bd2 Rc7 22. Re1 Rfc8 23. Rbc1 Qa6 24. b5 Qb7 25. Bb4 Bd4+ 26. Kh2 Bxb5 27. dxe6 fxe6 28. Bxd6 Rd7 29. cxb5 Rxd6 30. Rxe6 Bg1+ 31. Rxg1 Rxd3 32. Re8+ Kg7 33. Qg8+ Kh6 34. Qf8+ Kh5 35. g4+ 1-0

[Event "Winnipeg TNT June op"]
[Site "Winnipeg CAN"]
[Date "2011.06.21"]
[Round "3"]
[White "Lipic, Stephen"]
[Black "Bince, Rolando"]
[Result "1/2-1/2"]
[WhiteElo "1876"]
[BlackElo "2090"]
[PlyCount "113"]
[GameId "2160767909704243"]
[EventDate "2011.06.07"]
[EventType "swiss"]
[EventRounds "4"]
[EventCountry "CAN"]
[SourceTitle "EXT 2022"]
[Source "ChessBase"]
[SourceDate "2021.10.06"]
[SourceVersion "1"]
[SourceVersionDate "2021.10.06"]
[SourceQuality "1"]

1. e4 e6 2. d3 d5 3. Nd2 Nf6 4. Qe2 Be7 5. g3 c5 6. Bg2 Nc6 7. a3 O-O 8. Ngf3 b6 9. O-O a5 10. h3 Ba6 11. Re1 Ra7 12. Nh2 Nd4 13. Qd1 dxe4 14. Nxe4 Nxe4 15. Bxe4 Qd6 16. Nf3 f5 17. Nxd4 cxd4 18. Bg2 e5 19. f4 Bf6 20. Bd2 Re7 21. b4 Rfe8 22. bxa5 bxa5 23. Bxa5 exf4 24. Rxe7 Qxe7 25. gxf4 Qe3+ 26. Kh1 Qxf4 27. Qf3 Qxf3 28. Bxf3 g6 29. Rb1 Kg7 30. Rb6 Bc8 31. Bd2 g5 32. a4 g4 33. Bd1 h5 34. a5 Re6 35. Rb5 Kg6 36. Kg2 Ba6 37. Rb8 Be5 38. Rg8+ Bg7 39. Kg3 Kf7 40. Ra8 Be5+ 41. Kh4 Kg6 42. Rg8+ Bg7 43. hxg4 hxg4 44. c4 Bb7 45. Kg3 Kh7 46. Rxg7+ Kxg7 47. Kf4 Kg6 48. c5 Ba6 49. Ba4 Bxd3 50. c6 Ba6 51. c7 Re4+ 52. Kg3 d3 53. Bb5 Bc8 54. a6 f4+ 55. Bxf4 Rxf4 56. Kxf4 d2 57. Be2 1/2-1/2

[Event "Winnipeg TNT June op"]
[Site "Winnipeg CAN"]
[Date "2011.06.21"]
[Round "3"]
[White "Pottinger, Carl"]
[Black "Gregoryanz, Philipp"]
[Result "1-0"]
[WhiteElo "1893"]
[BlackElo "1327"]
[PlyCount "81"]
[GameId "2160767909704244"]
[EventDate "2011.06.07"]
[EventType "swiss"]
[EventRounds "4"]
[EventCountry "CAN"]
[SourceTitle "EXT 2022"]
[Source "ChessBase"]
[SourceDate "2021.10.06"]
[SourceVersion "1"]
[SourceVersionDate "2021.10.06"]
[SourceQuality "1"]

1. c4 e5 2. g3 Nf6 3. Bg2 Bc5 4. e3 d6 5. Ne2 Nc6 6. O-O Bd7 7. Nbc3 O-O 8. a3 a5 9. d4 exd4 10. exd4 Ba7 11. Nb5 Qc8 12. Nxa7 Rxa7 13. Nf4 Ne7 14. b3 b5 15. Bb2 c6 16. d5 Ne8 17. Re1 Nf5 18. Be4 bxc4 19. bxc4 cxd5 20. Bxf5 Bxf5 21. Qd4 Nf6 22. Qxa7 Qxc4 23. Bxf6 gxf6 24. Rac1 Qb3 25. Re3 Qb2 26. Rec3 d4 27. Qxd4 Qb7 28. Qxf6 Bg6 29. Nxg6 fxg6 30. Qxf8+ Kxf8 31. Rc8+ Ke7 32. R8c7+ Qxc7 33. Rxc7+ Ke6 34. Rxh7 Kd5 35. Ra7 Kc4 36. Rxa5 d5 37. Ra6 d4 38. Rxg6 d3 39. h4 Kc3 40. h5 d2 41. Rd6 1-0

[Event "Winnipeg TNT June op"]
[Site "Winnipeg CAN"]
[Date "2011.06.21"]
[Round "3"]
[White "Reimer, Bruce"]
[Black "Baron, Cody"]
[Result "1-0"]
[WhiteElo "1672"]
[BlackElo "1288"]
[PlyCount "109"]
[GameId "2160767909704245"]
[EventDate "2011.06.07"]
[EventType "swiss"]
[EventRounds "4"]
[EventCountry "CAN"]
[SourceTitle "EXT 2022"]
[Source "ChessBase"]
[SourceDate "2021.10.06"]
[SourceVersion "1"]
[SourceVersionDate "2021.10.06"]
[SourceQuality "1"]

1. c4 e5 2. g3 Nc6 3. Bg2 Nf6 4. Nc3 b6 5. b4 Bxb4 6. Qa4 Bb7 7. Nd5 Bc5 8. d3 Ng4 9. e3 O-O 10. Ne2 a6 11. O-O b5 12. cxb5 Ne7 13. Nxe7+ Qxe7 14. Bxb7 axb5 15. Qxg4 Ra4 16. Qh3 c6 17. Nc3 Ra7 18. Bxc6 dxc6 19. Ne4 b4 20. Bb2 Rd8 21. Rfc1 Rda8 22. Rxc5 Rxa2 23. Rxa2 Rxa2 24. Qc8+ Qf8 25. Qxf8+ Kxf8 26. Bxe5 b3 27. Rc1 b2 28. Rb1 Ra1 29. Rxa1 bxa1=Q+ 30. Bxa1 g6 31. Bf6 h5 32. h3 Ke8 33. d4 Kd7 34. Nc5+ Kd6 35. e4 Kc7 36. f4 Kb6 37. Kf2 Kb5 38. Ke3 Kc4 39. Nd7 Kb5 40. Ne5 c5 41. dxc5 Kxc5 42. Nxf7 Kc6 43. Ne5+ Kd6 44. Nxg6 Ke6 45. e5 Kf7 46. Nh4 Ke6 47. f5+ Kf7 48. Kf4 Kf8 49. e6 Ke8 50. Kg5 Kf8 51. Be5 Ke8 52. f6 Kf8 53. Kg6 Ke8 54. Kg7 Kd8 55. f7 1-0

[Event "Winnipeg TNT June op"]
[Site "Winnipeg CAN"]
[Date "2011.06.21"]
[Round "3"]
[White "Rutter, Blair"]
[Black "Melamedoff, Gustavo"]
[Result "0-1"]
[WhiteElo "1881"]
[BlackElo "2060"]
[PlyCount "58"]
[GameId "2160767909704246"]
[EventDate "2011.06.07"]
[EventType "swiss"]
[EventRounds "4"]
[EventCountry "CAN"]
[SourceTitle "EXT 2022"]
[Source "ChessBase"]
[SourceDate "2021.10.06"]
[SourceVersion "1"]
[SourceVersionDate "2021.10.06"]
[SourceQuality "1"]

1. c4 f5 2. g3 Nf6 3. Bg2 e6 4. Nc3 d5 5. d4 c6 6. cxd5 exd5 7. Nf3 Bd6 8. O-O Qe7 9. Qc2 O-O 10. Bg5 h6 11. Bxf6 Qxf6 12. e3 Na6 13. a3 Nc7 14. Ne1 Ne6 15. Nd3 g5 16. Nc5 f4 17. e4 Nxd4 18. Qd3 Bxc5 19. exd5 f3 20. Ne4 Ne2+ 21. Kh1 fxg2+ 22. Kxg2 Qd4 23. Qxe2 cxd5 24. Nc3 Bg4 25. f3 Rae8 26. Qc2 Bf5 27. Qc1 Bd3 28. Re1 Qf2+ 29. Kh3 Bf5+ 0-1

[Event "Winnipeg TNT June op"]
[Site "Winnipeg CAN"]
[Date "2011.06.21"]
[Round "3"]
[White "Wolchock, Theo"]
[Black "Iomdina, Alexander"]
[Result "1-0"]
[WhiteElo "1660"]
[BlackElo "1408"]
[PlyCount "69"]
[GameId "2160767909704247"]
[EventDate "2011.06.07"]
[EventType "swiss"]
[EventRounds "4"]
[EventCountry "CAN"]
[SourceTitle "EXT 2022"]
[Source "ChessBase"]
[SourceDate "2021.10.06"]
[SourceVersion "1"]
[SourceVersionDate "2021.10.06"]
[SourceQuality "1"]

1. c4 c5 2. Nc3 Nc6 3. g3 g6 4. Bg2 Bg7 5. Nf3 Nf6 6. O-O O-O 7. d3 d6 8. Bg5 a6 9. Qd2 Rb8 10. a4 Bd7 11. Bh6 Qa5 12. Bxg7 Kxg7 13. Rfd1 Nb4 14. Ng5 Qc7 15. Nge4 Nxe4 16. Nxe4 b5 17. axb5 axb5 18. cxb5 Bxb5 19. Qc3+ Kg8 20. Rdc1 Rfc8 21. Qd2 Ra8 22. Rxa8 Rxa8 23. Qxb4 cxb4 24. Rxc7 Ra1+ 25. Bf1 f5 26. Ng5 e5 27. Rxh7 e4 28. Kg2 Bc6 29. dxe4 Bxe4+ 30. f3 Bc2 31. Rc7 b3 32. e3 Ra2 33. Bc4+ Kf8 34. Ne6+ Ke8 35. Bb5# 1-0

[Event "Winnipeg TNT June op"]
[Site "Winnipeg CAN"]
[Date "2011.06.28"]
[Round "4"]
[White "Bince, Rolando"]
[Black "Evans, Brian"]
[Result "1-0"]
[WhiteElo "2090"]
[BlackElo "1553"]
[PlyCount "72"]
[GameId "2160767909704248"]
[EventDate "2011.06.07"]
[EventType "swiss"]
[EventRounds "4"]
[EventCountry "CAN"]
[SourceTitle "EXT 2022"]
[Source "ChessBase"]
[SourceDate "2021.10.06"]
[SourceVersion "1"]
[SourceVersionDate "2021.10.06"]
[SourceQuality "1"]

1. e4 c5 2. Nf3 d6 3. Bb5+ Bd7 4. Qe2 a6 5. Bxd7+ Nxd7 6. c4 Qc7 7. Nc3 e6 8. O-O Ngf6 9. h3 Be7 10. d3 h6 11. Bf4 e5 12. Be3 O-O-O 13. Nh2 g5 14. Ng4 Rdg8 15. b4 cxb4 16. Nd5 Nxd5 17. cxd5 Nc5 18. Bxc5 dxc5 19. Ne3 h5 20. Nf5 Rg6 21. Rfc1 Kd7 22. Rab1 Rb6 23. Qe3 Rb5 24. Nxe7 Kxe7 25. Qxg5+ Kf8 26. Qf6 Rh7 27. d6 Qd7 28. Qxe5 c4 29. Qe7+ Qxe7 30. dxe7+ Kxe7 31. Rxc4 a5 32. Kf1 Rh6 33. a4 Rbb6 34. Rbc1 Ra6 35. Rc7+ Kf8 36. Rxb7 Rhc6 1-0

[Event "Winnipeg TNT June op"]
[Site "Winnipeg CAN"]
[Date "2011.06.28"]
[Round "4"]
[White "Gregoryanz, Philipp"]
[Black "Campbell, Gary"]
[Result "0-1"]
[WhiteElo "1327"]
[BlackElo "1731"]
[PlyCount "64"]
[GameId "2160767909704249"]
[EventDate "2011.06.07"]
[EventType "swiss"]
[EventRounds "4"]
[EventCountry "CAN"]
[SourceTitle "EXT 2022"]
[Source "ChessBase"]
[SourceDate "2021.10.06"]
[SourceVersion "1"]
[SourceVersionDate "2021.10.06"]
[SourceQuality "1"]

1. e4 e6 2. d4 d5 3. exd5 exd5 4. Nc3 Nf6 5. Nf3 Bd6 6. Bd3 h6 7. Be3 O-O 8. Qd2 Nc6 9. O-O Nb4 10. a3 Nxd3 11. Qxd3 Re8 12. Qd2 Ne4 13. Qc1 c6 14. Re1 Bg4 15. Kh1 Bxf3 16. gxf3 Qh4 17. f4 Nxf2+ 18. Bxf2 Qxf2 19. Rf1 Qxd4 20. f5 Qf6 21. Qd2 Re5 22. Qd3 Rae8 23. Qd4 c5 24. Qa4 d4 25. Nd5 Qh4 26. Rg1 Qe4+ 27. Rg2 Qxd5 28. Rag1 Re2 29. Qb5 Kf8 30. f6 g6 31. Qd7 Rxg2 32. Qh3 Rg3+ 0-1